| 000 | 00982nam a2200253 i 4500 | ||
|---|---|---|---|
| 001 | bg | ||
| 245 | 0 | 0 |
_aStan czystości wód powierzchniowych obszaru Zielonych Płuc Polski / _cPaństwowa Inspekcja Ochrony Środowiska, Wojewódzki Inspektorat Ochrony Środowiska w Białymstoku [etc. ; aut. Marek Kędzierzawski et al.]. |
| 260 |
_aBiałystok : _bPIOŚ, _ccop. 1998. |
||
| 300 |
_a425 s. : _bpl., wykr. ; _c24 cm + _emapa. |
||
| 490 | 1 | _aBiblioteka Monitoringu Środowiska | |
| 504 | _aBibliogr. s. 395-397. | ||
| 650 | 9 |
_aWody śródlądowe _xhigiena _xbadanie _zPolska _yod 1989 r. |
|
| 650 | 9 | _aZielone Płuca Polski (region) | |
| 700 | 1 | _aKĘDZIERZAWSKI, Marek | |
| 710 | 0 | _aPaństwowa Inspekcja Ochrony Środowiska | |
| 830 | _aBiblioteka Monitoringu Środowiska | ||
| 020 | _a837217024X | ||
| 040 | _cBPK | ||
| 041 | 0 | _apl | |
| 080 | _a504.4.064.3:556.5](438-04)"1989/..." | ||
| 920 | _a83-7217-024-X | ||
| 942 | _cKS | ||
| 008 | s pl f |000 0 pol | ||
| 999 |
_c34749 _d34749 |
||
| 856 |
_uhttp://koha.tu.koszalin.pl/cgi-bin/koha/opac-detail.pl?biblionumber=34749 _yKatalog online BPK |
||